| 000 | 01446cam a2200349 a 4500 | ||
|---|---|---|---|
| 001 | 12763745 | ||
| 005 | 20060815200145.0 | ||
| 008 | 020503s2001 enka b 001 0 eng | ||
| 010 | _a 2001131841 | ||
| 015 | _aGBA1-Y3569 | ||
| 020 | _a0761962077 | ||
| 020 | _a0761962085 (pbk) | ||
| 035 | _a(OCoLC)ocm46650043 | ||
| 040 |
_aUKM _cUKM _dGUL _dDLC |
||
| 042 | _alccopycat | ||
| 050 | 0 | 0 |
_aHT1521 _b.U55 2001 |
| 082 |
_221 _a305.8 _bUND |
||
| 245 | 0 | 0 |
_aUnderstanding prejudice, racism, and social conflict / _cEdited by Martha Augoustinos and Katherine J. Reynolds. |
| 260 |
_aLondon ; _aThousand Oaks, Calif. : _bSAGE, _cc2001. |
||
| 300 |
_axvi, 362 p. : _bill. ; _c24 cm. |
||
| 504 | _aIncludes bibliographical references and indexes. | ||
| 650 | 0 |
_aRacism. _93524 |
|
| 650 | 0 |
_aPrejudices. _93525 |
|
| 650 | 0 |
_aSocial conflict. _93526 |
|
| 700 | 1 |
_aAugoustinos, Martha. _93527 |
|
| 700 | 1 |
_aReynolds, Katherine J. _93528 |
|
| 856 | 4 | 2 |
_3Publisher description _uhttp://www.loc.gov/catdir/enhancements/fy0657/2001131841-d.html |
| 856 | 4 | 1 |
_3Table of contents only _uhttp://www.loc.gov/catdir/enhancements/fy0657/2001131841-t.html |
| 942 |
_2ddc _cBB |
||
| 999 |
_c11263 _d11263 |
||